Statistiken für Länder, die mit G beginnen

Klicken Sie hier um das Quiz zu spielen!

Allgemein

  • Dieses Quiz wurde 34 mal gespielt
  • Das Durchschnittsergebnis liegt bei 7 aus 10

Antwortstatistiken

Land% Korrekt
Georgien
90%
Gabun
83%
Ghana
77%
Griechenland
77%
Guatemala
73%
Guinea
73%
Gambia
70%
Guinea-Bissau
67%
Guyana
67%
Grenada
57%

Verteilung der Resultate

Perzentil nach korrekt beantworteten Fragen

Anzahl Personen mit jedem Resultat

Ihre Resultats-Entwicklung

Sie haben dieses Quiz noch nicht gespielt